LEADER 01351cam a22003134a 4500 001 000000118478 003 CaOOAMICUS 005 20091202100624.0 008 091202t2007 it b 000 0 ita r 020 $a978-88-420-7892-0 040 $aPUL$bita$dReb 041 1 $aita$hspa 100 1 $aSavater, Fernando,$d1947-$0(OLS)http://pul/name/38347 240 10$aValor de elegir$lItaliano.$0(OLS)http://pul/title/149108 245 13$aIl coraggio di scegliere :$briflessioni sulla libertà /$cFernando Savater ; traduzione di Francesca Saltarelli. 250 $a2 ed. 260 $aRoma ;$aBari :$bLaterza,$c©2007. 300 $axi, 161 p. ;$c21 cm. 490 1 $aEconomica Laterza ;$v386 504 $aBibliografia p. 157-160. 650 4$aLibertà (filosofia).$0(OLS)http://pul/subject/9862 700 1 $aSaltarelli, Francesca.$0(OLS)http://pul/name/73992 830 0$aEconomica Laterza ;$v386.$0(OLS)http://pul/title/39309 850 $aPUL 852 $aPUL$W1$xSL Filosofia 3$y81$m123. 5 SAVFE 1$j135920$qDDC 21$B134908$CPULBib$Z2$F134908 $H111772 $82 941 1 $a9 996 $6020$a978-88-420-7892-0$9(OLS)http://pul/number/142608 996 $6245$aIl coraggio di scegliere :$briflessioni sulla libertà$9(OLS)http://pul/title/149106 996 $6260$aRoma ;$aBari :$bLaterza$9(OLS)http://pul/publisher/57682 LEADER 01318nam a2200289 a 4500 001 000000174732 003 CaOOAMICUS 005 20210903105840.0 008 210903s2015 it u000 u ita r 020 $a978-88-14-20598-9* 032 $aLibriCat 040 $aPUL$bita 100 1 $aGrasso, Marco Ettore.$0(OLS)http://pul/name/112304 245 10$aLineamenti di etica e diritto della sostenibilità / $cMarco Ettore Grasso. 260 $a[Milano] :$bGiuffrè,$c2015. 300 $aVII, 420 p. ;$c24 cm 490 1 $aCentro di Studi sulla Giustizia ;$v23 650 4$aDiritto ambientale.$0(OLS)http://pul/subject/19669 650 4$aSviluppo sostenibile.$0(OLS)http://pul/subject/43144 830 0$aCentro di Studi sulla giustizia. Facoltà di Giurisprudenza dell'Università degli Studi di Milano $b(Giuffré) ;$v23.$0(OLS)http://pul/title/216058 850 $aPUL 852 $aPUL$W1$xSL Diritto e Scienze Sociali 3$y79$m338. 9 GRAMA 1$j199033$qDDC 21$B203681$CPULBib$Z2$F203681 $H135175 $82 941 1 $a9 996 $6020$a978-88-14-20598-9*$9(OLS)http://pul/number/168330 996 $6245$aLineamenti di etica e diritto della sostenibilità / $9(OLS)http://pul/title/216057 996 $6260$a[Milano] :$bGiuffrè$9(OLS)http://pul/publisher/62827